|
|
|
|
| LEADER |
00000naa a2200000 a 4500 |
| 001 |
vtls008939635 |
| 003 |
SK-MaSNL |
| 005 |
20260302143723.0 |
| 008 |
051121 1974 xo 000 0 slo |
| 015 |
|
|
|a SNBRA1977
|
| 040 |
|
|
|a SNKBUCL
|b slo
|c SNKBUCL
|e AACR2
|
| 041 |
0 |
|
|a slo
|
| 044 |
|
|
|a xo
|c SK
|
| 080 |
|
|
|a 626/628(480)
|2 2001
|
| 100 |
1 |
|
|a Hyánek, Ľubomír
|4 aut
|9 8355
|
| 245 |
1 |
0 |
|a Poznatky z riešenia vodohospodárskych problémov v zahraničí.
|b [Finsko][Zborník]
|c Ľubomír Hyánek
|
| 300 |
|
|
|b Obr., tb.
|
| 650 |
0 |
7 |
|a vodné hospodárstvo
|2 snkbucl
|9 759
|
| 651 |
|
7 |
|a Fínsko
|2 snkbucl
|9 20176
|
| 773 |
0 |
|
|t Zborník zo IV. celoslovenského seminára závodných a podnikových vodohospodárov
|g S. 48-54
|d Bratislava : 1974
|
| 958 |
|
|
|a FI
|
| 999 |
|
|
|c 1345877
|d 1347807
|